[Event "Eastern Asia-ch U14"]
[Site "Tornelo INT"]
[Date "2021.10.31"]
[Round "9"]
[White "Anuj, Chomal"]
[Black "Oishik, Kundu"]
[Result "1-0"]
[WhiteElo "1069"]
[BlackElo "1185"]
[PlyCount "137"]
[EventDate "2021.10.29"]
[EventType "swiss"]
[EventRounds "9"]
[EventCountry "NET"]
[SourceTitle "EXT 2023"]
[Source "ChessBase"]
[SourceDate "2022.10.05"]
[SourceVersion "1"]
[SourceVersionDate "2022.10.05"]
[SourceQuality "1"]

1. e4 Nc6 2. Nf3 d6 3. d4 g6 4. Nc3 Bg7 5. Be3 e5 6. d5 Nce7 7. Bb5+ Bd7 8. Bxd7+ Qxd7 9. 0-0 f5 10. Ng5 f4 11. Bd2 Nf6 12. Ne6 Bf8 13. g3 g5 14. Qe2 c6 15. Nxg5 Rg8 16. Ne6 cxd5 17. exd5 Nexd5 18. Nxd5 Nxd5 19. Qh5+ Rg6 20. Ng5 Qf5 21. h4 Nf6 22. Qf3 0-0-0 23. Kh2 Ng4+ 24. Kg2 h6 25. Nh3 Be7 26. Qd3 Qxd3 27. cxd3 Bxh4 28. gxh4 Ne3+ 29. Kf3 Nxf1 30. Rxf1 Rdg8 31. d4 Rg4 32. dxe5 dxe5 33. Bc3 Rxh4 34. Rh1 Re8 35. Ke4 Kd7 36. f3 Ke6 37. Bxe5 Kf7 38. Nf2 Rxh1 39. Nxh1 Kg6 40. Kxf4 Rf8+ 41. Kg3 Kf5 42. f4 Rg8+ 43. Kf3 h5 44. Ng3+ Kg6 45. Kg2 h4 46. Ne2 Kf5+ 47. Kh3 Rd8 48. Kxh4 Rd2 49. Ng3+ Ke6 50. Ne4 Re2 51. Nc5+ Kf5 52. Nxb7 Re1 53. Kg3 Ra1 54. a3 Rg1+ 55. Kf2 Rg8 56. Nd6+ Ke6 57. Nb5 a5 58. Ke3 Rg3+ 59. Kd4 Rg1 60. Kc4 Rc1+ 61. Kb3 Rc5 62. Ka4 Kd5 63. Kxa5 Kc4 64. a4 Rc6 65. b4 Re6 66. Nd6+ Kd5 67. b5 Re7 68. b6 Kc6 69. b7 1-0

[Event "Eastern Asia-ch U14"]
[Site "Tornelo INT"]
[Date "2021.10.30"]
[Round "4"]
[White "Debnath, Arnab"]
[Black "Anuj, Chomal"]
[Result "1-0"]
[WhiteElo "1199"]
[BlackElo "1069"]
[PlyCount "171"]
[EventDate "2021.10.29"]
[EventType "swiss"]
[EventRounds "9"]
[EventCountry "NET"]
[SourceTitle "EXT 2023"]
[Source "ChessBase"]
[SourceDate "2022.10.05"]
[SourceVersion "1"]
[SourceVersionDate "2022.10.05"]
[SourceQuality "1"]

1. e4 c5 2. Nf3 d6 3. d4 cxd4 4. Qxd4 Nc6 5. Bb5 Bd7 6. Bxc6 Bxc6 7. Bg5 Qb6 8. Nc3 Qxd4 9. Nxd4 Nf6 10. Nxc6 bxc6 11. 0-0-0 h6 12. Bxf6 gxf6 13. f4 Rg8 14. g3 h5 15. Rhe1 Rg4 16. Ne2 h4 17. h3 Rg8 18. g4 0-0-0 19. Nd4 Kc7 20. Nf5 Rh8 21. e5 fxe5 22. fxe5 Bh6+ 23. Kb1 Bg5 24. e6 fxe6 25. Rxe6 Rh7 26. Rde1 Kd7 27. c4 Rb8 28. b3 Bf6 29. R6e4 Re8 30. Rd1 c5 31. Rd5 Kc6 32. Nxd6 Rd8 33. Re6 Rxd6 34. Rdxd6+ exd6 35. Rxf6 Kd7 36. Kc2 Ke7 37. Rf5 Ke6 38. Kd3 a6 39. Ke4 Rh6 40. Rh5 Rf6 41. Rxh4 Rf2 42. Rh6+ Ke7 43. Rh7+ Ke6 44. Rh6+ Ke7 45. Kd5 Rd2+ 46. Kc6 Rxa2 47. Rxd6 Ra3 48. Rd3 a5 49. Kxc5 a4 50. Kb4 Ra1 51. bxa4 Rb1+ 52. Rb3 Re1 53. a5 Kd7 54. Kb5 Re5+ 55. c5 Kc7 56. a6 Re8 57. Ra3 Kb8 58. a7+ Ka8 59. Kc6 Rc8+ 60. Kd5 Rd8+ 61. Ke5 Rc8 62. h4 Rxc5+ 63. Kf6 Rc6+ 64. Kg5 Rc5+ 65. Kg6 Rc6+ 66. Kh5 Rc8 67. g5 Rh8+ 68. Kg4 Rc8 69. h5 Rc4+ 70. Kf5 Rc5+ 71. Kg6 Rc6+ 72. Kh7 Rc7+ 73. Kh6 Rc8 74. g6 Rh8+ 75. Kg5 Rc8 76. g7 Rc5+ 77. Kh6 Rc6+ 78. Kh7 Rc7 79. Kh8 Rc8+ 80. g8Q Rxg8+ 81. Kxg8 Kb7 82. a8Q+ Kc7 83. Rc3+ Kd7 84. Qc6+ Ke7 85. Re3+ Kd8 86. Re8# 1-0

[Event "Eastern Asia-ch U14"]
[Site "Tornelo INT"]
[Date "2021.10.30"]
[Round "6"]
[White "Samatthanan, Jirath"]
[Black "Anuj, Chomal"]
[Result "1/2-1/2"]
[WhiteElo "1320"]
[BlackElo "1069"]
[PlyCount "124"]
[EventDate "2021.10.29"]
[EventType "swiss"]
[EventRounds "9"]
[EventCountry "NET"]
[SourceTitle "EXT 2023"]
[Source "ChessBase"]
[SourceDate "2022.10.05"]
[SourceVersion "1"]
[SourceVersionDate "2022.10.05"]
[SourceQuality "1"]

1. e4 c5 2. Nf3 d6 3. d4 cxd4 4. Nxd4 Nf6 5. Nc3 a6 6. Be2 e5 7. Nb3 Be7 8. Be3 Be6 9. 0-0 0-0 10. Qd2 d5 11. exd5 Nxd5 12. Nxd5 Qxd5 13. Qxd5 Bxd5 14. Rad1 Be6 15. Bf3 Nc6 16. c3 Rac8 17. Rd2 f5 18. Bc5 Bxb3 19. Bxe7 Nxe7 20. axb3 e4 21. Be2 Nc6 22. Bc4+ Kh8 23. Rfd1 Na5 24. Bd5 Nc6 25. Bxc6 Rxc6 26. Rd8 Rc8 27. R8d7 Rb8 28. Kf1 Kg8 29. Re7 b5 30. Rdd7 Rfd8 31. Rxg7+ Kh8 32. Rxh7+ Kg8 33. Rhe7 Rxd7 34. Rxd7 Rb6 35. Rd5 Rf6 36. Ke2 Kf7 37. Ke3 Ke6 38. Rd8 Rh6 39. h3 Rg6 40. g3 Rh6 41. h4 Ke7 42. Rb8 Rd6 43. Rb7+ Kf6 44. Ra7 Rd3+ 45. Ke2 Rd6 46. Ra8 Kg6 47. Rg8+ Kf6 48. Rh8 Kg7 49. Ra8 Kf7 50. Ra7+ Kf6 51. Ra8 Kf7 52. Rc8 Kg7 53. c4 bxc4 54. bxc4 Rb6 55. c5 Rxb2+ 56. Kf1 Rc2 57. c6 a5 58. h5 a4 59. c7 a3 60. h6+ Kh7 61. Ra8 Rxc7 62. Rxa3 Kxh6 1/2-1/2

[Event "Eastern Asia-ch U14"]
[Site "Tornelo INT"]
[Date "2021.10.29"]
[Round "3"]
[White "Anuj, Chomal"]
[Black "Gowtham, Ramamoorthy"]
[Result "0-1"]
[WhiteElo "1069"]
[BlackElo "1382"]
[PlyCount "152"]
[EventDate "2021.10.29"]
[EventType "swiss"]
[EventRounds "9"]
[EventCountry "NET"]
[SourceTitle "EXT 2023"]
[Source "ChessBase"]
[SourceDate "2022.10.05"]
[SourceVersion "1"]
[SourceVersionDate "2022.10.05"]
[SourceQuality "1"]

1. e4 e5 2. Nf3 Nc6 3. d4 exd4 4. Nxd4 Bc5 5. Nxc6 Qf6 6. Qf3 dxc6 7. Nc3 Be6 8. Qxf6 Nxf6 9. Bg5 Bd4 10. f3 0-0-0 11. 0-0-0 h6 12. Bh4 Bxa2 13. Rxd4 Rxd4 14. Nxa2 Rhd8 15. Bd3 c5 16. Bf2 Ra4 17. Nc3 Ra1+ 18. Nb1 Nd7 19. Bc4 Ne5 20. Be2 c4 21. Bg3 Nc6 22. Bxc4 f6 23. b3 Nb4 24. Be1 c5 25. Bxb4 cxb4 26. Kb2 Ra5 27. Bd3 Rc5 28. Nd2 a6 29. Nc4 b5 30. Nb6+ Kb7 31. Nd5 a5 32. Ra1 Ra8 33. Nf4 a4 34. bxa4 bxa4 35. g3 Kb6 36. Nd5+ Ka5 37. Bf1 Rac8 38. Bd3 R8c6 39. Rc1 a3+ 40. Kb3 Rc8 41. c3 bxc3 42. Rxc3 Rxc3+ 43. Nxc3 Rd8 44. Bc4 Rd2 45. Kxa3 Rxh2 46. Nd5 Rf2 47. f4 Rf3+ 48. Kb2 Rxg3 49. Kc2 h5 50. Kd2 h4 51. Ke2 h3 52. Kf2 h2 53. Kxg3 h1Q 54. e5 fxe5 55. fxe5 Qe4 56. Ba2 Qxe5+ 57. Kg4 Qb2 58. Bc4 Qd4+ 59. Kf5 Qxc4 60. Nf4 Qf7+ 61. Kg5 Kb5 62. Nh5 Kc5 63. Nf4 Qf6+ 64. Kg4 g5 65. Nh5 Qg6 66. Ng3 Kd5 67. Kf3 Ke5 68. Ne2 Qe4+ 69. Kf2 g4 70. Ng3 Qf3+ 71. Kg1 Qxg3+ 72. Kh1 Qf3+ 73. Kg1 Qe2 74. Kh1 g3 75. Kg1 Qf2+ 76. Kh1 Qh2# 0-1

[Event "Eastern Asia-ch U14"]
[Site "Tornelo INT"]
[Date "2021.10.29"]
[Round "2"]
[White "M Mohd Nur, Megat Muhd Irfan"]
[Black "Anuj, Chomal"]
[Result "0-1"]
[WhiteElo "1245"]
[BlackElo "1069"]
[PlyCount "90"]
[EventDate "2021.10.29"]
[EventType "swiss"]
[EventRounds "9"]
[EventCountry "NET"]
[SourceTitle "EXT 2023"]
[Source "ChessBase"]
[SourceDate "2022.10.05"]
[SourceVersion "1"]
[SourceVersionDate "2022.10.05"]
[SourceQuality "1"]

1. e4 c5 2. c3 d6 3. d4 cxd4 4. cxd4 Nf6 5. Nc3 e6 6. Nf3 Be7 7. h3 Nbd7 8. Bd3 0-0 9. 0-0 b6 10. Re1 Bb7 11. Bf4 Re8 12. Bg3 Bf8 13. e5 dxe5 14. Nxe5 Nxe5 15. dxe5 Nd5 16. Qc2 g6 17. Bb5 Re7 18. Bh4 f6 19. exf6 Rf7 20. Nxd5 Qxd5 21. Bf1 Rc8 22. Qe2 Re8 23. a3 Qd4 24. Qg4 Qxb2 25. Bd3 Rxf6 26. Bxf6 Qxf6 27. Be4 Ba6 28. Qf3 Qg5 29. Bc6 Re7 30. Rad1 Rf7 31. Qg3 Qc5 32. Bf3 Qxa3 33. Ra1 Qd3 34. Bg4 Qxg3 35. fxg3 Bc5+ 36. Kh2 Bc4 37. Bxe6 Bxe6 38. Rxe6 Kg7 39. Re8 b5 40. Rb8 b4 41. Rb5 Bd4 42. Ra6 Bc3 43. g4 Rd7 44. Rb8 Be5+ 45. Kg1 Bxb8 0-1